| 000 | 00751nam a2200241 a 4500 | ||
|---|---|---|---|
| 001 | BRCA_5624 | ||
| 005 | 20190320205146.0 | ||
| 008 | 210211t1929----nyua######---#000-0#eng-# | ||
| 041 | _aeng | ||
| 044 | _anyu | ||
| 050 | 4 |
_aN5220.B3 _b.C38 1929 |
|
| 245 | 1 | 0 | _aA Catalogue of Paintings in the collection of Jules S. Bache. |
| 260 |
_aNueva York _bPrivately Printed _c1929 |
||
| 300 |
_a120 p. _bil. (algunas a color), 60 láminas _c30 cm. |
||
| 500 | _aEdición con cantos dorados | ||
| 500 | _aF102 | ||
| 600 | 1 | 4 |
_aBache, Jules S. _xColecciones de arte _914329 |
| 650 | 1 | 4 |
_aPinturas _xColecciones particulares _910387 |
| 650 | 1 | 4 |
_aPinturas _vCatálogos _94930 |
| 650 | 1 | 4 |
_aColeccionistas y colecciones _914330 |
| 902 | _aGFM | ||
| 942 |
_2lcc _cB |
||
| 999 |
_c5318 _d5318 |
||